| 000 | 00989nmc a2200337 a 4500 | ||
|---|---|---|---|
| 003 | AR-Y00000XR | ||
| 005 | 20251128211727.0 | ||
| 008 | 267020s2000 ||||||||||||||000 | spa|| | ||
| 020 | _a0-582-34364-X | ||
| 040 | _cAR-Y00000XR | ||
| 245 | 1 | 0 |
_aCollected classics _nVolume 2 |
| 260 |
_aHarlow _bPearson Education _c2000 |
||
| 300 | 0 | _a536 p. | |
| 490 | 0 |
_aPenguin readers. Level 5 _vv. 1 |
|
| 500 | 0 | _aNivel intermedio (2300 words) | |
| 505 |
_tPride and prejudice _rAusten, Jane |
||
| 505 |
_tWuthering heights _rBronté, Emily |
||
| 505 |
_tThe warden _rTrollope, Anthony |
||
| 505 |
_tJude the obscure _rHardy, Thomas |
||
| 505 |
_tSons and lovers _rLawrence, D.H. |
||
| 650 | 4 | _aLITERATURA INGLESA | |
| 650 | 4 | _aENSENANZA DE IDIOMAS | |
| 650 | 4 | _aINGLES | |
| 650 | 4 | _aACTIVIDADES DE APRENDIZAJE | |
| 653 | 0 | _aCOMPRENSION LECTORA | |
| 653 | 0 | _aADAPTACIONES LITERARIAS | |
| 653 | 0 | _aLITERATURA JUVENIL | |
| 655 | _aLITERATURA | ||
| 942 | _cBK | ||
| 998 | _cmi-desc | ||
| 999 |
_c20872 _d20872 |
||